banner-ar

هزيمة الهكسوس : أول ثورة تحريرية فى التاريخ / (Record no. 36551)

MARC details
000 -الفاتح
حقل البيانات ثابتة الطول 00816nam a2200229Ia 4500
008 - عناصر البيانات ثابتة الطول - معلومات عامة
حقل البيانات ثابتة الطول 140319s9999 xx 000 0 ara d
040 ## - مصدر الفهرسة
وكالة الفهرسة الأصلية GCL /
وكالة النسخ GCL
082 04 - رقم تصنيف ديوى العشرى
رقم التصنيف ق
رقم المادة 932.05
-- م هـ
100 1# - المدخل الرئيسى - إسم شخصى
الإسم الشخصى محمد العزب موسى
245 10 - بيان العنوان
العنوان هزيمة الهكسوس : أول ثورة تحريرية فى التاريخ /
بيان المسئوليه,etc محمد العزب موسى
700 1# - المدخل الاضافى - اسم شخصى
الإسم الشخصى شكرى محمد عياد
300 ## - الوصف المادى
التعداد 96 ص ؛
أبعاد الوعاء 18 سم
490 ## - بيان السلسلة
عنوان السلسلة المكتبة الثقافية
رقم المجلد/ التعيين التسلسلي 178
650 04 - المدخل الاضافى بالموضوع-مصطلح موضوعى
مصطلح موضوعي الحضارة الفرعونية
650 04 - المدخل الاضافى بالموضوع-مصطلح موضوعى
مصطلح موضوعي الدولة الوسطى (2260-1580 ق م
650 04 - المدخل الاضافى بالموضوع-مصطلح موضوعى
مصطلح موضوعي كامس
650 04 - المدخل الاضافى بالموضوع-مصطلح موضوعى
مصطلح موضوعي الهكسوس
650 04 - المدخل الاضافى بالموضوع-مصطلح موضوعى
مصطلح موضوعي مصر القديمة - تاريخ
942 ## - عناصر المدخل الإضافي( كوها)
مصدر التصنيف او مخطط الترفيف Dewey Decimal Classification
Koha [default] item type كتاب
260 ## - PUBLICATION, DISTRIBUTION, ETC. (IMPRINT)
-- القاهرة :
-- دار الكاتب للطباعة والنشر
Holdings
حالة التراجع حالة الفقد حالة تلف ليس للاعارة المكان المؤقت الموقع الحالى تاريخ الاكتساب اجمالي اﻻعارات رقم الطلب الباركود تاريخ اخر مشاهدة تاريخ تفعيل السعر نوع وعاء كوها
        مكتبة القاهرة الكبرى مكتبة القاهرة الكبرى 03/26/2014   ق\932.05\م هـ 88950 03/26/2014 03/26/2014 كتاب
        مكتبة القاهرة الكبرى مكتبة القاهرة الكبرى 03/26/2014   ق\932.05\م هـ 88951 03/26/2014 03/26/2014 كتاب

Powered By

EGPV